Cambridge advanced learner's dictionary : (Record no. 74221)
[ view plain ]
| 000 -LEADER | |
|---|---|
| fixed length control field | 01948cam a2200313 i 4500 |
| 001 - CONTROL NUMBER | |
| control field | 74221 |
| 003 - CONTROL NUMBER IDENTIFIER | |
| rucl marc code | BD-RjUL |
| 005 - DATE AND TIME OF LATEST TRANSACTION | |
| control field | 20211209082521.0 |
| 008 - FIXED-LENGTH DATA ELEMENTS--GENERAL INFORMATION | |
| fixed length control field | 180408s2013 enkab d 000 0 eng |
| 020 ## - INTERNATIONAL STANDARD BOOK NUMBER | |
| International Standard Book Number | 9781107619500 (paperback w/ CDROM) |
| International Standard Book Number | 9781107504448 |
| 035 ## - SYSTEM CONTROL NUMBER | |
| System control number | (BD-RjUL)74439 |
| 040 ## - CATALOGING SOURCE | |
| Original cataloging agency | DLC |
| Language of cataloging | eng |
| Transcribing agency | DLC |
| Description conventions | rda |
| Modifying agency | BD-RjUL |
| 041 ## - LANGUAGE CODE | |
| Language code of text/sound track or separate title | eng |
| 082 00 - DEWEY DECIMAL CLASSIFICATION NUMBER | |
| Classification number | 423 |
| Edition number | 23 |
| Author mark and year | CAM 2013 |
| 245 00 - TITLE STATEMENT | |
| Title | Cambridge advanced learner's dictionary : |
| Remainder of title | with CD-ROM / |
| Statement of responsibility, etc. | edited by Colin McIntosh. |
| 250 ## - EDITION STATEMENT | |
| Edition statement | Fourth edition. |
| 260 ## - PUBLICATION, DISTRIBUTION, ETC. (IMPRINT) | |
| Place of publication, distribution, etc. | Cambridge; |
| Name of publisher, distributor, etc. | Cambridge University Press; |
| Place of publication, distribution, etc. | India : |
| Name of publisher, distributor, etc. | Thomson Press India, |
| Date of publication, distribution, etc. | 2013 |
| 300 ## - PHYSICAL DESCRIPTION | |
| Pagination | xiv, 1844 pages : |
| Illustrations | illustrations (some color), color maps ; |
| Size | 24 cm + |
| Accompanying material | 1 CD-ROM (4 3/4 in.) |
| 500 ## - GENERAL NOTE | |
| General note | Previous ed.: 2008. |
| General note | "First published 1995 as Cambridge International Dictionary of English". |
| 520 ## - SUMMARY, ETC. | |
| Summary, etc. | A fully updated edition of the best-selling Cambridge Advanced Learner's Dictionary. This edition is ideal for advanced (C1-C2) learners of English and contains up-to-date vocabulary, including words from the areas of technology, media, language, society, and lifestyle, plus important words for academic study. With over 140,000 words, phrases, meanings, and examples, hundreds of pictures and illustrations, clear definitions and a new 'Focus on Writing' section, the dictionary is perfect as a reference tool and as a study companion. Informed by the Cambridge International Corpus and correlated to English Vocabulary Profile, it is also ideal for exam preparation. The CD-ROM contains the complete dictionary and recordings in British and American English. |
| 650 #0 - SUBJECT ADDED ENTRY--TOPICAL TERM | |
| Topical term or geographic name as entry element | English language |
| Form subdivision | Dictionaries. |
| 9 (RLIN) | 220962 |
| Topical term or geographic name as entry element | English language |
| Form subdivision | Textbooks for foreign speakers. |
| 9 (RLIN) | 220963 |
| 700 1# - ADDED ENTRY--PERSONAL NAME | |
| Personal name | McIntosh, Colin, |
| Dates associated with a name | 1963-, |
| Relator term | editor. |
| 710 2# - ADDED ENTRY--CORPORATE NAME | |
| Corporate name or jurisdiction name as entry element | Cambridge University Press. |
| 9 (RLIN) | 220965 |
| 942 ## - ADDED ENTRY ELEMENTS (KOHA) | |
| Source of classification or shelving scheme | Dewey Decimal Classification |
| Koha item type | Reference |
| Lost status | Source of classification or shelving scheme | Damaged status | Not for loan | Collection code | Permanent Location | Current Location | Shelving location | Date acquired | Source of acquisition | Total Checkouts | Full call number | Date last seen | Copy number | Koha item type |
|---|---|---|---|---|---|---|---|---|---|---|---|---|---|---|
| Dewey Decimal Classification | Not For Loan | Reference | Central Library, University of Rajshahi | Central Library, University of Rajshahi | 18/09/2017 | R.U. V.C. office Gift | R 423 CAM 2013 | 08/04/2018 | C-1 | Reference |